000
00261nam a2200097Ia 4500
008
230915s9999 xx 000 0 und d
050
_a
BF 6337 .N4 U79 1991
100
_a
URY, WILLIAM
245
0
_a
GETTING PAST NO, NEGOTIATING WITH DIFFICULT PEOPLE
942
_c
BK
999
_c
66378
_d
66378